Shigeru Ban: complete works, 1985-2010

Saved in:
Bibliografiske detaljer
Hovedforfatter: Jodidio, Philip (Author)
Format: Bog
Sprog:spansk
italiensk
Udgivet: Colonia Taschen 2010
Fag:
Tags: Tilføj Tag
Ingen Tags, Vær først til at tagge denne postø!

MARC

LEADER 00000cam a2200000 a 4500
001 UCF2763
003 CL-VaPUC
008 120910e20100000GW |||||||||||||||||spa|d
020 |a 9783836517003 
041 0 7 |a spa  |2 CL-VaPUC 
041 0 7 |a ita  |2 CL-VaPUC 
082 0 4 |a 720.92  |b JOD  |2 21 
100 |a Jodidio, Philip  |e author  |9 596614 
245 1 0 |a Shigeru Ban: complete works, 1985-2010 
300 |a 464 p 
942 |c BK 
945 |d 20120910 00:00:00  |a dcastane 
260 |a Colonia  |b Taschen  |c 2010 
650 0 |a Arquitectura  |9 804558 
650 0 |a Arquitectura japonesa   |9 334028 
650 0 |a Arquitectos japoneses   |9 428615 
650 0 |a Diseño arquitectónico   |9 265271 
583 |a last modification  |c 20120924 10:06:02  |k Rodrigo Vera 
999 |c 349302  |d 349300 
952 |0 0  |1 0  |4 0  |6 720_920000000000000_JOD_2010  |7 0  |8 F  |9 451876  |a BIBARQ  |b BIBARQ  |d 2019-11-22  |i 4898087  |o 720.92 JOD 2010  |p 4898087  |r 2025-01-20  |w 2019-11-22  |y BK_F  |k ARQ